Wisdom of ancient Sumer
| Main Author: | |
|---|---|
| Format: | Print Book |
| Language: | Sumerian English |
| Subito Delivery Service: | Order now. |
| Check availability: | HBZ Gateway |
| WorldCat: | WorldCat |
| Interlibrary Loan: | Interlibrary Loan for the Fachinformationsdienste (Specialized Information Services in Germany) |
| Published: |
Bethesda, MD
CDL Press
2005
|
| In: | Year: 2005 |
| Standardized Subjects / Keyword chains: | B
Sumerian language
/ Literature
|
| Further subjects: | B
Anthology
B Sumerian literature |
MARC
| LEADER | 00000cam a2200000 c 4500 | ||
|---|---|---|---|
| 001 | 1619700336 | ||
| 003 | DE-627 | ||
| 005 | 20251225201619.0 | ||
| 007 | tu | ||
| 008 | 050905s2005 xx ||||| 00| ||sux c | ||
| 010 | |a 2005045764 | ||
| 020 | |a 1883053927 |9 1-883053-92-7 | ||
| 024 | 3 | |a 9781883053925 | |
| 035 | |a (DE-627)1619700336 | ||
| 035 | |a (DE-576)120316404 | ||
| 035 | |a (DE-599)BSZ120316404 | ||
| 035 | |a (OCoLC)58431609 | ||
| 040 | |a DE-627 |b ger |c DE-627 |e rakwb | ||
| 041 | |a sux |a eng | ||
| 050 | 0 | |a PJ4051.A45 2005 | |
| 082 | 0 | |a 899 | |
| 082 | 0 | |a 899/.9508 | |
| 084 | |a 6,22 |2 ssgn | ||
| 100 | 1 | |0 (DE-588)1137504269 |0 (DE-627)894711032 |0 (DE-576)160061652 |4 aut |a Alster, Bendt |d 1946-2012 | |
| 109 | |a Alster, Bendt 1946-2012 | ||
| 191 | |a 1 | ||
| 245 | 1 | 0 | |a Wisdom of ancient Sumer |c Bendt Alster |
| 264 | 1 | |a Bethesda, MD |b CDL Press |c 2005 | |
| 300 | |a 426, 72 S. |b Ill. | ||
| 336 | |a Text |b txt |2 rdacontent | ||
| 337 | |a ohne Hilfsmittel zu benutzen |b n |2 rdamedia | ||
| 338 | |a Band |b nc |2 rdacarrier | ||
| 500 | |a In English; Sumerian texts in transliteration and translation - Rev. ed. of: The instructions of Suruppak. 1974 - Includes bibliographical references and index | ||
| 583 | 1 | |a Archivierung/Langzeitarchivierung gewährleistet |f SSG |x XA-DE-BW |2 pdager |5 DE-21 | |
| 650 | 0 | |a Sumerian literature | |
| 655 | 7 | |a Anthologie |0 (DE-588)4002214-6 |0 (DE-627)106394134 |0 (DE-576)208846182 |2 gnd-content | |
| 689 | 0 | 0 | |d s |0 (DE-588)4078069-7 |0 (DE-627)106078429 |0 (DE-576)209207329 |2 gnd |a Sumerisch |
| 689 | 0 | 1 | |d s |0 (DE-588)4035964-5 |0 (DE-627)106245015 |0 (DE-576)209015608 |2 gnd |a Literatur |
| 689 | 0 | |5 (DE-627) | |
| 935 | |a mteo | ||
| 951 | |a BO | ||
| BIB | |a 1 | ||
| ELC | |b 1 | ||
| ITA | |a 1 |t 1 | ||
| LOK | |0 000 xxxxxcx a22 zn 4500 | ||
| LOK | |0 001 3226888455 | ||
| LOK | |0 003 DE-627 | ||
| LOK | |0 004 1619700336 | ||
| LOK | |0 005 20090903135932 | ||
| LOK | |0 008 090713||||||||||||||||ger||||||| | ||
| LOK | |0 040 |a DE-21 |c DE-627 |d DE-21 | ||
| LOK | |0 852 |a DE-21 | ||
| LOK | |0 852 1 |c 49 B 725 |9 00 | ||
| LOK | |0 935 |a theo |a vord | ||
| LOK | |0 936ln |a t17.3 | ||
| LOK | |0 938 |a 0909 |f 13 | ||
| LOK | |0 939 |a 13-07-09 |b l01 | ||
| LOK | |0 000 xxxxxcx a22 zn 4500 | ||
| LOK | |0 001 3226888501 | ||
| LOK | |0 003 DE-627 | ||
| LOK | |0 004 1619700336 | ||
| LOK | |0 005 20060302115259 | ||
| LOK | |0 008 060302||||||||||||||||ger||||||| | ||
| LOK | |0 040 |a DE-21-11 |c DE-627 |d DE-21-11 | ||
| LOK | |0 541 |e A06-028 | ||
| LOK | |0 852 |a DE-21-11 | ||
| LOK | |0 852 1 |c AOR Da Alste 3 |m p |9 00 | ||
| LOK | |0 935 |a aori | ||
| LOK | |0 938 |k p | ||
| LOK | |0 939 |a 02-03-06 |b l01 | ||
| ORI | |a SA-MARC-ixtheoa001.raw | ||
| REL | |a 1 | ||
| STA | 0 | 0 | |a Literature,Literature,Belles-lettres,Sumerian language |
| STB | 0 | 0 | |a Littérature,Littérature,Sumérien |
| STC | 0 | 0 | |a Literatura,Literatura,Sumerio |
| STD | 0 | 0 | |a Letteratura,Letteratura,Sumero |
| STE | 0 | 0 | |a 文学 |
| STF | 0 | 0 | |a 文學,苏美尔语 |
| STG | 0 | 0 | |a Literatura,Literatura,Sumério |
| STH | 0 | 0 | |a Литература (мотив),Литература,Шумерский |
| STI | 0 | 0 | |a Λογοτεχνία (μοτιβο),Λογοτεχνία,Σουμεριακή γλώσσα |
| SUB | |a BIB |a REL | ||
| SYG | 0 | 0 | |a Neusumerisch,Altsumerisch , Belletristik,Dichtung,Literarisches Kunstwerk,Schöne Literatur,Sprachkunst,Sprachliches Kunstwerk,Wortkunst,Belletristik,Dichtung,Schöne Literatur,Sprachkunst,Wortkunst |



